[Event "47th GRE-chT 2019"]
[Site "Patra"]
[Date "2019.07.03"]
[Round "3.40"]
[White "Kazakos, Nikolaos"]
[Black "Dristellas, Neoklis"]
[Result "0-1"]
[WhiteElo "1450"]
[BlackElo "1577"]
[Annotator "NA"]
[PlyCount "60"]
[EventDate "2019.07.02"]
[EventCountry "GRE"]
[SourceTitle "playchess.com"]
[Source "ChessBase"]
[SourceQuality "1"]
[TimeControl "5400+30"]

1. e4 {[%emt 0:00:00]} e5 {[%emt 0:00:00]} 2. Nf3 {[%emt 0:00:00]} Nc6 {[%emt 0:00:00]} 3. Nc3 {[%emt 0:00:07]} Nf6 {[%emt 0:00:04]} 4. d4 {[%emt 0:00:06]} exd4 {[%emt 0:04:43]} 5. Nxd4 {[%emt 0:00:05]} Be7 {[%emt 0:11:59]} 6. Nxc6 {[%emt 0:13:56]} dxc6 {[%emt 0:02:47]} 7. Qxd8+ {[%emt 0:00:48]} Bxd8 {[%emt 0:00:30]} 8. f3 {[%emt 0:00:14]} O-O {[%emt 0:00:37]} 9. Be3 {[%emt 0:00:57]} Be6 {[%emt 0:01:17]} 10. O-O-O {[%emt 0:01:22]} Be7 {[%emt 0:00:21]} 11. Be2 {[%emt 0:03:06]} a5 {[%emt 0:13:15]} 12. Bf4 {[%emt 0:19:13]} Rfc8 {[%emt 0:01:36]} 13. g4 {[%emt 0:00:42]} b5 {[%emt 0:05:00]} 14. Kb1 {[%emt 0:06:51]} Nd7 {[%emt 0:11:57]} 15. h4 {[%emt 0:04:22]} Nc5 {[%emt 0:03:24]} 16. Bf1 {[%emt 0:01:18]} Bf6 {[%emt 0:09:55]} 17. Ne2 {[%emt 0:09:18]} Na4 {[%emt 0:02:09]} 18. e5 {[%emt 0:02:23]} Be7 {[%emt 0:00:45]} 19. Nd4 {[%emt 0:00:27]} Rd8 {[%emt 0:02:50]} 20. Be2 {[%emt 0:00:49]} Bd5 {[%emt 0:01:08]} 21. Nf5 {[%emt 0:01:02]} Bc5 {[%emt 0:01:55]} 22. Rhf1 {[%emt 0:10:54]} Rab8 {[%emt 0:06:01]} 23. Bd3 {[%emt 0:01:18]} b4 {[%emt 0:00:52]} 24. Ng3 {[%emt 0:02:23]} Rb7 {[%emt 0:07:03]} 25. Ne2 {[%emt 0:02:21]} Rdb8 {[%emt 0:00:37]} 26. Be4 {[%emt 0:05:29]} Bxe4 {[%emt 0:01:40]} 27. fxe4 {[%emt 0:00:02]} Nc3+ {[%emt 0:00:45]} 28. bxc3 {[%emt 0:02:19]} bxc3+ {[%emt 0:00:14]} 29. Ka1 {[%emt 0:00:04]} Ba3 {[%emt 0:00:40]} 30. Bc1 {[%emt 0:00:06]} Rb1# {[%emt 0:00:18]} 0-1

[Event "47th GRE-chT 2019"]
[Site "Patra"]
[Date "2019.07.04"]
[Round "4.1"]
[White "Saric, Ivan"]
[Black "Papaioannou, Ioannis"]
[Result "1/2-1/2"]
[WhiteElo "2681"]
[BlackElo "2640"]
[Annotator "TA"]
[PlyCount "86"]
[EventDate "2019.07.02"]
[EventCountry "GRE"]
[SourceTitle "playchess.com"]
[Source "ChessBase"]
[SourceQuality "1"]

{[%evp 23,86,60,45,47,66,68,91,76,91,100,100,96,103,100,96,94,95,91,85,85,87,85,150,150,126,54,43,44,61,43,53,25,41,12,15,17,31,20,83,37,75,25,48,45,50,33,45,44,64,60,54,0,35,0,0,0,191,0,0,0,0,0,0,0,0]} 1. e4 c5 2. Nf3 d6 3. d4 cxd4 4. Nxd4 Nf6 5. Nc3 a6 6. Be3 e5 7. Nb3 Be7 8. f3 Be6 9. Qd2 O-O 10. O-O-O a5 11. a4 Nc6 12. g4 Nb4 13. Kb1 {B90: Sicilian Najdorf: Unusual White 6th moves, 6 Be3 Ng4 and 6 Be3 e5} (13. g5 Nh5 14. Bb5 Rc8 15. Kb1 f5 16. gxf6 Nxf6 17. Rhg1 d5 18. Bh6 Rf7 19. Qg5 Ng4 20. Qh5 Nxh6 21. Qxh6 {1-0 (41) Yu,Y (2759)-Gao,R (2561) Tianjin 2018}) 13... Qc8 14. Rg1 d5 $146 ({Predecessor:} 14... Kh8 15. Bb5 d5 16. g5 Nh5 17. exd5 Bf5 18. Rc1 Qc7 19. Qf2 Rfc8 20. Rgd1 Nf4 {½-½ (30) Majhi,A (2178)-L'Ami,A (2381) Maastricht 2015}) 15. g5 {White is better.} Nxe4 16. fxe4 {[%cal Rc3d5]} d4 17. Nxd4 $1 exd4 18. Bxd4 Rd8 {White must now prevent ...Bc5.} 19. Qf2 Nc6 20. Bb6 Rxd1+ 21. Nxd1 Ne5 22. Nc3 Nc4 (22... Bb4 $142) 23. Bxc4 Qxc4 24. Qd4 (24. Rg3 $1 $16) 24... Qxd4 $14 25. Bxd4 Rd8 26. Be3 f5 27. gxf6 Bxf6 28. Kc1 (28. Bg5 $5 {[%cal Rg5f6]} Bd4 29. Rd1 $14 (29. Bxd8 Bxg1 30. h4 Bg4 $14)) 28... Be5 29. h4 Rf8 30. Ne2 Bh2 (30... Bd7 $11 {remains equal.}) 31. Rg2 Bc7 32. Bd4 g6 33. h5 Bh3 34. Rg5 Bd8 $1 {[%cal Rd8g5]} 35. Rg3 Bd7 36. hxg6 h5 $1 37. g7 (37. Rg1 $14) 37... Rf1+ $11 38. Kd2 h4 39. Rg6 {aiming for Nf4.} h3 $2 {[#]} (39... Be8 $1 $11 40. Re6 Bg5+ 41. Be3 Bf7) 40. Be5 $2 ({White should try} 40. Nf4 $1 $18 {[%mdl 512] White wants to mate with Rh6.} Rxf4 41. Rh6 Rf2+ 42. Ke1) 40... Be8 {The position is equal.} 41. Rg3 Bd7 $1 ({Don't play} 41... h2 $6 42. Rh3 $16) 42. Rg6 $1 {Hoping for Nf4.} Be8 43. Rg3 Bd7 $1 {Accuracy: White = 53%, Black = 59%.} ({Stronger than} 43... h2 44. Rh3 $16) 1/2-1/2

[Event "47th GRE-chT 2019"]
[Site "Patra"]
[Date "2019.07.04"]
[Round "4.1"]
[White "Warmerdam, Max"]
[Black "Navara, David"]
[Result "0-1"]
[WhiteElo "2480"]
[BlackElo "2734"]
[Annotator "TA"]
[PlyCount "100"]
[EventDate "2019.07.02"]
[EventCountry "GRE"]
[SourceTitle "playchess.com"]
[Source "ChessBase"]
[SourceQuality "1"]

{[%evp 20,100,24,20,24,8,12,0,10,7,14,4,25,10,11,4,31,0,0,-5,25,20,16,19,25,17,43,56,64,48,62,51,51,52,65,69,211,0,68,0,0,0,16,12,11,-14,-14,-9,0,-20,-21,-29,-24,-114,-94,-91,-124,-135,-147,-243,-243,-243,-236,-306,-278,-369,-358,-316,-336,-368,-355,-360,-346,-605,-591,-632,-632,-632,-568,-632,-632,-564,29982]} 1. d4 Nf6 2. c4 e6 3. g3 c5 4. d5 exd5 5. cxd5 d6 6. Nc3 g6 7. Bg2 Bg7 8. Nf3 O-O 9. O-O Re8 10. a4 b6 11. Nd2 Nbd7 {A62: Modern Benoni: Fianchetto Variation without early ...Nbd7} 12. h3 a6 13. f4 {[#]} c4 $146 {The position is equal.} ({Predecessor:} 13... Nh5 14. Kh2 Rb8 15. g4 Nhf6 16. g5 Nh5 17. Nc4 Qc7 18. Ne4 Bf8 19. Bd2 {0-1 (41) Baryshpolets,A (2547)-Ponomariov,R (2743) Kiev 2013}) 14. Nxc4 Qc7 15. Nd2 Nc5 16. e4 Bd7 17. Kh2 Rac8 {next ...b5 is good for Black.} 18. e5 dxe5 19. fxe5 Rxe5 ({But not} 19... Qxe5 20. Nc4 $14) 20. Nc4 Rh5 {Threatens to win with ...Nce4.} 21. Bf4 $36 {[%mdl 2048] White has the initiative.} Qd8 22. Ne5 Rxe5 {[%mdl 64] Remove Defender} 23. Bxe5 Ng4+ $1 24. hxg4 Bxe5 25. Qf3 $1 Qg5 26. Rae1 f6 27. Rxe5 $1 fxe5 (27... Qxe5 $14 28. Qxf6 Qxf6 29. Rxf6 Nxa4) 28. Qf7+ (28. b4 $18 Bxg4 29. Qf7+ Kh8 30. bxc5 Qh6+ 31. Kg1 Qe3+ 32. Rf2 (32. Qf2 Qxf2+ 33. Kxf2 Rxc5 $18) 32... Qc1+ 33. Nd1 (33. Bf1 Qxc3 34. cxb6 Qxg3+ 35. Rg2 Qf3 $18) 33... Qxd1+ 34. Kh2 bxc5 35. Qe7) 28... Kh8 $14 29. Qf6+ (29. b4 $1 $14 Qh6+ 30. Kg1 Qe3+ 31. Rf2 Qxc3 32. bxc5 Qc1+ 33. Bf1 Qxc5 34. Bxa6 (34. Qxd7 $2 Rf8 $19)) 29... Qxf6 $11 30. Rxf6 Rb8 31. b4 Nxa4 32. Nxa4 (32. Ne4 {is more complex.} Kg7 33. g5 Rd8 34. Nd6 a5 35. Rf7+) 32... Bxa4 {[%mdl 4096] Endgame KRB-KRB} 33. Rf7 Rd8 34. Ra7 Bb5 35. Rb7 Rd6 36. Re7 (36. g5 $11) 36... a5 37. bxa5 bxa5 {[%cal Bb6a5,Ba5a4][%mdl 32]} 38. Rxe5 a4 {White must now prevent ...a3.} 39. Re3 (39. Re1 $17) 39... Ra6 $19 40. Ra3 Kg7 41. g5 Kf7 42. Kg1 Ke7 43. Kf2 Bc4 44. Ke3 Kd6 45. Kd4 {[#]} Bb3 $1 46. Bf1 $2 (46. Bf3) 46... Ra5 {Black is clearly winning.} 47. Bc4 Bxc4 48. Kxc4 Rc5+ 49. Kb4 Kxd5 50. Rd3+ {[#]} Ke5 $4 {[%mdl 40960] Accuracy: White = 36%, Black = 63%. . Sensor Board Error (Ke4/e5)?} (50... Ke4 $1 $19 51. Rd7 Rxg5 52. Rxh7 Rxg3 53. Re7+ Kd5 54. Kxa4 g5 55. Rd7+ Ke5 56. Re7+ Kd4 57. Rd7+ Ke3 58. Re7+ Kf2) 0-1

[Event "47th GRE-chT 2019"]
[Site "Patra"]
[Date "2019.07.04"]
[Round "4.2"]
[White "Postny, Evgeny"]
[Black "Pavlidis, Antonios"]
[Result "1/2-1/2"]
[WhiteElo "2601"]
[BlackElo "2549"]
[Annotator "ChessBase"]
[PlyCount "72"]
[EventDate "2019.07.02"]
[EventCountry "GRE"]
[SourceTitle "playchess.com"]
[Source "ChessBase"]
[SourceQuality "1"]
[TimeControl "5400+30"]

1. d4 {[%emt 0:00:00]} Nf6 {[%emt 0:00:00]} 2. c4 {[%emt 0:00:00]} e6 {[%emt 0:00:00]} 3. Nf3 {[%emt 0:00:00]} b6 {[%emt 0:00:00]} 4. g3 {[%emt 0:00:00]} Ba6 {[%emt 0:00:00]} 5. b3 {[%emt 0:00:06]} Bb4+ {[%emt 0:00:00]} 6. Bd2 {[%emt 0:01:03]} Be7 {[%emt 0:00:00]} 7. Bg2 {[%emt 0:01:29]} O-O {[%emt 0:01:00]} 8. O-O {[%emt 0:00:10]} d5 {[%emt 0:02:41]} 9. Qc2 {[%emt 0:01:15]} Bb7 {[%emt 0:01:51]} 10. cxd5 {[%emt 0:00:19]} exd5 {[%emt 0:00:13]} 11. Nc3 {[%emt 0:01:01]} Na6 {[%emt 0:01:54]} 12. Rad1 {[%emt 0:06:25]} Re8 {[%emt 0:05:17]} 13. Ne5 {[%emt 0:12:21]} c5 {[%emt 0:05:17]} 14. dxc5 {[%emt 0:00:14]} Bxc5 {[%emt 0:01:28]} 15. Nd3 {[%emt 0:17:01]} Bd6 {[%emt 0:21:53]} 16. Bg5 {[%emt 0:16:52]} Rc8 {[%emt 0:04:17]} 17. Qb2 {[%emt 0:09:44]} Nc7 {[%emt 0:09:42]} 18. e3 {[%emt 0:03:27]} h6 {[%emt 0:00:29]} 19. Bf4 {[%emt 0:01:05]} Ba6 {[%emt 0:06:49]} 20. Ne2 {[%emt 0:00:14]} Ne6 {[%emt 0:00:58]} 21. Bxd6 {[%emt 0:00:02]} Qxd6 {[%emt 0:00:44]} 22. Rfe1 {[%emt 0:08:41]} Rc7 {[%emt 0:08:20]} 23. Ndf4 {[%emt 0:00:48]} Bxe2 {[%emt 0:00:07]} 24. Nxe2 {[%emt 0:02:51]} Rec8 {[%emt 0:01:01]} 25. Rd2 {[%emt 0:02:39]} Qb4 {[%emt 0:03:37]} 26. a3 {[%emt 0:00:04]} Qe7 {[%emt 0:02:18]} 27. b4 {[%emt 0:02:14]} a5 {[%emt 0:05:41]} 28. bxa5 {[%emt 0:00:02]} bxa5 {[%emt 0:01:03]} 29. h4 {[%emt 0:04:33]} a4 {[%emt 0:06:49]} 30. Rb1 {[%emt 0:04:11]} Ne4 {[%emt 0:06:20]} 31. Bxe4 {[%emt 0:00:01]} dxe4 {[%emt 0:02:02]} 32. Qb4 {[%emt 0:01:00]} Qxb4 {[%emt 0:00:06]} 33. Rxb4 {[%emt 0:00:04]} Rc4 {[%emt 0:01:04]} 34. Rdb2 {[%emt 0:00:47]} h5 {[%emt 0:01:30]} 35. Kf1 {[%emt 0:00:47]} Kf8 {[%emt 0:02:19]} 36. Kg2 {[%emt 0:01:14]} g6 {[%emt 0:00:46]} 1/2-1/2

[Event "47th GRE-chT 2019"]
[Site "Patra"]
[Date "2019.07.04"]
[Round "4.2"]
[White "Nikolaidis, Ioannis"]
[Black "Roinos, Ilias"]
[Result "1-0"]
[WhiteElo "2534"]
[BlackElo "2210"]
[Annotator "ChessBase"]
[PlyCount "61"]
[EventDate "2019.07.02"]
[EventCountry "GRE"]
[SourceTitle "playchess.com"]
[Source "ChessBase"]
[SourceQuality "1"]
[TimeControl "5400+30"]

1. d4 {[%emt 0:00:00]} d5 {[%emt 0:00:00]} 2. Nf3 {[%emt 0:00:19]} e6 {[%emt 0:00:03]} 3. c4 {[%emt 0:00:20]} c5 {[%emt 0:00:07]} 4. cxd5 {[%emt 0:00:41]} exd5 {[%emt 0:00:08]} 5. Nc3 {[%emt 0:00:52]} Nc6 {[%emt 0:00:20]} 6. dxc5 {[%emt 0:02:22]} d4 {[%emt 0:00:27]} 7. Na4 {[%emt 0:00:19]} Bxc5 {[%emt 0:00:15]} 8. Nxc5 {[%emt 0:02:03]} Qa5+ {[%emt 0:00:10]} 9. Bd2 {[%emt 0:00:35]} Qxc5 {[%emt 0:00:07]} 10. Rc1 {[%emt 0:00:06]} Qb6 {[%emt 0:00:16]} 11. e3 {[%emt 0:00:54]} Nf6 {[%emt 0:04:37]} 12. exd4 {[%emt 0:05:25]} O-O {[%emt 0:05:13]} 13. Be2 {[%emt 0:05:16]} Re8 {[%emt 0:12:55]} 14. O-O {[%emt 0:05:56]} Bg4 {[%emt 0:03:10]} 15. Bc3 {[%emt 0:06:04]} Rad8 {[%emt 0:01:28]} 16. Re1 {[%emt 0:08:41]} h6 {[%emt 0:26:26]} 17. h3 {[%emt 0:07:04]} Bxf3 {[%emt 0:05:55]} 18. Bxf3 {[%emt 0:00:13]} Nxd4 {[%emt 0:00:10]} 19. Rxe8+ {[%emt 0:01:42]} Nxe8 {[%emt 0:00:09]} 20. Bxd4 {[%emt 0:05:46]} Rxd4 {[%emt 0:00:20]} 21. Qe2 {[%emt 0:01:38]} Nf6 {[%emt 0:04:08]} 22. Rc8+ {[%emt 0:08:47]} Kh7 {[%emt 0:00:21]} 23. Qc2+ {[%emt 0:01:02]} g6 {[%emt 0:00:11]} 24. Qc7 {[%emt 0:00:52]} Qe6 {[%emt 0:13:41]} 25. Ra8 {[%emt 0:11:56]} g5 {[%emt 0:12:04]} 26. Rxa7 {[%emt 0:04:07]} Rc4 {[%emt 0:03:11]} 27. Qxb7 {[%emt 0:01:49]} Rc1+ {[%emt 0:01:43]} 28. Kh2 {[%emt 0:00:09]} Kg7 {[%emt 0:03:20]} 29. Qe7 {[%emt 0:01:59]} Qxe7 {[%emt 0:00:08]} 30. Rxe7 {[%emt 0:00:05]} Rc2 {[%emt 0:00:08]} 31. Re2 {[%emt 0:01:13]} 1-0

[Event "47th GRE-chT 2019"]
[Site "Patra"]
[Date "2019.07.04"]
[Round "4.3"]
[White "Sandalakis, Angelos"]
[Black "Grivas, Efstratios"]
[Result "1/2-1/2"]
[WhiteElo "2429"]
[BlackElo "2418"]
[Annotator "NA"]
[PlyCount "46"]
[EventDate "2019.07.02"]
[EventCountry "GRE"]
[SourceTitle "playchess.com"]
[Source "ChessBase"]
[SourceQuality "1"]
[TimeControl "5400+30"]

1. e4 {[%emt 0:00:00]} e5 {[%emt 0:00:00]} 2. Nf3 {[%emt 0:00:00]} Nc6 {[%emt 0:00:05]} 3. Bb5 {[%emt 0:00:00]} a6 {[%emt 0:00:14]} 4. Ba4 {[%emt 0:00:00]} Nf6 {[%emt 0:00:11]} 5. O-O {[%emt 0:00:00]} Nxe4 {[%emt 0:00:20]} 6. d4 {[%emt 0:00:09]} b5 {[%emt 0:00:08]} 7. Bb3 {[%emt 0:00:06]} d5 {[%emt 0:00:12]} 8. dxe5 {[%emt 0:00:07]} Be6 {[%emt 0:00:11]} 9. Qe2 {[%emt 0:00:10]} Bc5 {[%emt 0:02:01]} 10. Nbd2 {[%emt 0:00:57]} Nxd2 {[%emt 0:02:05]} 11. Bxd2 {[%emt 0:00:06]} O-O {[%emt 0:04:05]} 12. Bg5 {[%emt 0:04:45]} Qd7 {[%emt 0:15:31]} 13. Qd2 {[%emt 0:15:28]} d4 {[%emt 0:19:42]} 14. Qf4 {[%emt 0:19:27]} Rfe8 {[%emt 0:08:50]} 15. Rad1 {[%emt 0:03:34]} Bxb3 {[%emt 0:06:52]} 16. axb3 {[%emt 0:00:57]} Re6 {[%emt 0:02:20]} 17. b4 {[%emt 0:05:42]} Be7 {[%emt 0:02:29]} 18. c3 {[%emt 0:13:58]} Bxg5 {[%emt 0:04:38]} 19. Qxg5 {[%emt 0:00:06]} Rg6 {[%emt 0:01:42]} 20. Qh5 {[%emt 0:07:46]} Rh6 {[%emt 0:00:51]} 21. Qg5 {[%emt 0:00:11]} Rg6 {[%emt 0:00:08]} 22. Qh5 {[%emt 0:01:47]} Rh6 {[%emt 0:01:16]} 23. Qg5 {[%emt 0:00:44]} Rg6 {[%emt 0:00:54]} 1/2-1/2

[Event "47th GRE-chT 2019"]
[Site "Patra"]
[Date "2019.07.04"]
[Round "4.3"]
[White "Gikas, Andreas Basilius"]
[Black "Koutoukidis, Panagiotis"]
[Result "0-1"]
[WhiteElo "2178"]
[BlackElo "2344"]
[Annotator "NA"]
[PlyCount "104"]
[EventDate "2019.07.02"]
[EventCountry "GRE"]
[SourceTitle "playchess.com"]
[Source "ChessBase"]
[SourceQuality "1"]
[TimeControl "5400+30"]

1. e4 {[%emt 0:00:00]} c5 {[%emt 0:00:00]} 2. Nf3 {[%emt 0:00:00]} e6 {[%emt 0:00:00]} 3. d4 {[%emt 0:00:03]} cxd4 {[%emt 0:00:00]} 4. Nxd4 {[%emt 0:00:12]} Nc6 {[%emt 0:00:00]} 5. Nc3 {[%emt 0:00:18]} Qc7 {[%emt 0:00:03]} 6. Be2 {[%emt 0:00:16]} Nf6 {[%emt 0:00:06]} 7. O-O {[%emt 0:02:02]} Be7 {[%emt 0:00:06]} 8. Be3 {[%emt 0:02:03]} O-O {[%emt 0:00:36]} 9. f4 {[%emt 0:01:09]} d6 {[%emt 0:00:12]} 10. Qe1 {[%emt 0:02:37]} Nxd4 {[%emt 0:00:14]} 11. Bxd4 {[%emt 0:00:16]} e5 {[%emt 0:00:06]} 12. Be3 {[%emt 0:01:01]} b6 {[%emt 0:00:40]} 13. f5 {[%emt 0:06:20]} Bb7 {[%emt 0:01:57]} 14. Bf3 {[%emt 0:01:50]} Rfe8 {[%emt 0:07:57]} 15. Qg3 {[%emt 0:18:32]} Kh8 {[%emt 0:01:35]} 16. Rfe1 {[%emt 0:06:41]} Rac8 {[%emt 0:02:36]} 17. Kh1 {[%emt 0:02:46]} Qc4 {[%emt 0:04:55]} 18. Bg5 {[%emt 0:04:03]} h6 {[%emt 0:07:27]} 19. Bxf6 {[%emt 0:02:00]} Bxf6 {[%emt 0:00:37]} 20. a3 {[%emt 0:16:59]} d5 {[%emt 0:07:51]} 21. Be2 {[%emt 0:05:43]} Qc5 {[%emt 0:03:28]} 22. Bb5 {[%emt 0:07:41]} Re7 {[%emt 0:22:57]} 23. exd5 {[%emt 0:00:29]} Bxd5 {[%emt 0:00:33]} 24. Nxd5 {[%emt 0:01:55]} Qxd5 {[%emt 0:00:23]} 25. Qd3 {[%emt 0:05:15]} Qxd3 {[%emt 0:00:38]} 26. Bxd3 {[%emt 0:01:31]} e4 {[%emt 0:00:21]} 27. Rxe4 {[%emt 0:01:44]} Rxe4 {[%emt 0:00:14]} 28. Bxe4 {[%emt 0:00:06]} Bxb2 {[%emt 0:00:23]} 29. Ra2 {[%emt 0:01:58]} Bc3 {[%emt 0:09:55]} 30. g3 {[%emt 0:01:41]} b5 {[%emt 0:00:31]} 31. Bd3 {[%emt 0:01:20]} Rc5 {[%emt 0:00:21]} 32. a4 {[%emt 0:02:53]} b4 {[%emt 0:00:08]} 33. a5 {[%emt 0:00:16]} Kg8 {[%emt 0:00:25]} 34. Kg2 {[%emt 0:01:12]} Kf8 {[%emt 0:01:16]} 35. Kf3 {[%emt 0:00:38]} Ke7 {[%emt 0:00:28]} 36. Ra4 {[%emt 0:00:32]} Kd6 {[%emt 0:00:25]} 37. a6 {[%emt 0:00:42]} Ke5 {[%emt 0:02:47]} 38. g4 {[%emt 0:00:54]} Kd4 {[%emt 0:00:20]} 39. Kf2 {[%emt 0:01:44]} Re5 {[%emt 0:01:03]} 40. Be2 {[%emt 0:00:00]} Ke4 {[%emt 0:00:00]} 41. h3 {[%emt 0:00:00]} Kf4 {[%emt 0:00:00]} 42. Bd3 {[%emt 0:00:00]} f6 {[%emt 0:00:00]} 43. Be2 {[%emt 0:00:00]} h5 {[%emt 0:00:00]} 44. Bf3 {[%emt 0:00:00]} h4 {[%emt 0:00:00]} 45. Be2 {[%emt 0:00:00]} Re3 {[%emt 0:00:00]} 46. Ra5 {[%emt 0:00:00]} Rxh3 {[%emt 0:00:00]} 47. Rd5 {[%emt 0:00:00]} Rh2+ {[%emt 0:00:00]} 48. Kf1 {[%emt 0:00:00]} h3 {[%emt 0:00:00]} 49. Bd1 {[%emt 0:00:00]} Rh1+ {[%emt 0:00:00]} 50. Kf2 {[%emt 0:00:00]} Be1+ {[%emt 0:00:00]} 51. Ke2 {[%emt 0:00:00]} h2 {[%emt 0:00:00]} 52. Rd4+ {[%emt 0:00:00]} Ke5 0-1

[Event "47th GRE-chT 2019"]
[Site "Patra"]
[Date "2019.07.04"]
[Round "4.4"]
[White "Souleidis, Georgios"]
[Black "Kanakaris, Georgios"]
[Result "1-0"]
[WhiteElo "2426"]
[BlackElo "2409"]
[Annotator "NA"]
[PlyCount "123"]
[EventDate "2019.07.02"]
[EventCountry "GRE"]
[SourceTitle "playchess.com"]
[Source "ChessBase"]
[SourceQuality "1"]
[TimeControl "5400+30"]

1. e4 {[%emt 0:00:00]} c5 {[%emt 0:02:16]} 2. Nf3 {[%emt 0:00:00]} d6 {[%emt 0:00:06]} 3. Bb5+ {[%emt 0:00:19]} Nd7 {[%emt 0:00:14]} 4. O-O {[%emt 0:01:38]} g6 {[%emt 0:00:21]} 5. c3 {[%emt 0:02:12]} Ngf6 {[%emt 0:00:34]} 6. Re1 {[%emt 0:02:36]} a6 {[%emt 0:00:31]} 7. Bf1 {[%emt 0:02:27]} Ne5 {[%emt 0:02:39]} 8. d4 {[%emt 0:15:10]} Nxf3+ {[%emt 0:00:10]} 9. Qxf3 {[%emt 0:02:04]} cxd4 {[%emt 0:00:05]} 10. cxd4 {[%emt 0:01:03]} Bg7 {[%emt 0:04:01]} 11. e5 {[%emt 0:07:57]} Ng4 {[%emt 0:08:36]} 12. Bf4 {[%emt 0:02:39]} O-O {[%emt 0:02:11]} 13. Nc3 {[%emt 0:03:46]} Nh6 {[%emt 0:00:19]} 14. h3 {[%emt 0:09:34]} Nf5 {[%emt 0:01:24]} 15. Rad1 {[%emt 0:13:02]} h6 {[%emt 0:16:51]} 16. g4 {[%emt 0:00:05]} Nh4 {[%emt 0:00:03]} 17. Qg3 {[%emt 0:00:29]} g5 {[%emt 0:06:48]} 18. Bc1 {[%emt 0:03:35]} f5 {[%emt 0:00:17]} 19. exf6 {[%emt 0:01:04]} Rxf6 {[%emt 0:03:13]} 20. f4 {[%emt 0:12:39]} d5 {[%emt 0:24:04]} 21. Bg2 {[%emt 0:00:25]} Nxg2 {[%emt 0:00:01]} 22. Qxg2 {[%emt 0:00:11]} Be6 {[%emt 0:01:17]} 23. fxg5 {[%emt 0:00:05]} hxg5 {[%emt 0:00:24]} 24. Bxg5 {[%emt 0:00:10]} Rg6 {[%emt 0:03:39]} 25. Bf4 {[%emt 0:00:58]} Qd7 {[%emt 0:02:23]} 26. Be5 {[%emt 0:05:14]} Kh7 {[%emt 0:01:55]} 27. Rd3 {[%emt 0:04:11]} Rg8 {[%emt 0:01:27]} 28. Rg3 {[%emt 0:00:48]} Bh6 {[%emt 0:03:08]} 29. Rf1 {[%emt 0:00:49]} Bg5 {[%emt 0:02:24]} 30. Qc2 {[%emt 0:00:11]} Bh4 {[%emt 0:01:35]} 31. Rg2 {[%emt 0:00:58]} Qc8 {[%emt 0:00:38]} 32. Qd3 {[%emt 0:06:42]} Qc4 {[%emt 0:00:40]} 33. Qxc4 {[%emt 0:00:03]} dxc4 {[%emt 0:00:04]} 34. d5 {[%emt 0:00:21]} Bd7 {[%emt 0:00:26]} 35. Rf7+ {[%emt 0:00:53]} Kh6 {[%emt 0:02:25]} 36. Bf4+ {[%emt 0:00:07]} Bg5 {[%emt 0:00:10]} 37. Bxg5+ {[%emt 0:00:18]} Rxg5 {[%emt 0:00:10]} 38. Rxe7 {[%emt 0:00:38]} R8g7 {[%emt 0:00:32]} 39. Rxg7 {[%emt 0:00:16]} Kxg7 {[%emt 0:00:00]} 40. Rd2 {[%emt 0:00:00]} b5 {[%emt 0:00:00]} 41. a3 {[%emt 0:00:00]} a5 {[%emt 0:00:00]} 42. Kf2 {[%emt 0:00:00]} Re5 {[%emt 0:00:00]} 43. Kf3 {[%emt 0:00:00]} b4 {[%emt 0:00:00]} 44. axb4 {[%emt 0:00:00]} axb4 {[%emt 0:00:00]} 45. Na2 {[%emt 0:00:00]} c3 {[%emt 0:00:00]} 46. bxc3 {[%emt 0:00:00]} b3 {[%emt 0:00:00]} 47. Nb4 {[%emt 0:00:00]} Re1 {[%emt 0:00:00]} 48. Rb2 {[%emt 0:00:00]} Ba4 {[%emt 0:00:00]} 49. Nd3 {[%emt 0:00:00]} Rd1 {[%emt 0:00:00]} 50. Nc5 {[%emt 0:00:00]} Be8 {[%emt 0:00:00]} 51. c4 {[%emt 0:00:00]} Rc1 {[%emt 0:00:00]} 52. Rxb3 {[%emt 0:00:00]} Rxc4 {[%emt 0:00:00]} 53. Rb7+ {[%emt 0:00:00]} Kg6 {[%emt 0:00:00]} 54. Rb6+ {[%emt 0:00:00]} Kg7 {[%emt 0:00:00]} 55. Ne6+ {[%emt 0:00:00]} Kf7 {[%emt 0:00:00]} 56. h4 {[%emt 0:00:00]} Ba4 {[%emt 0:05:37]} 57. Ng5+ {[%emt 0:00:00]} Kf8 {[%emt 0:00:13]} 58. Rf6+ {[%emt 0:00:00]} Kg8 {[%emt 0:01:33]} 59. Rf4 {[%emt 0:00:00]} Bd1+ {[%emt 0:00:10]} 60. Ke3 {[%emt 0:00:00]} Rc5 {[%emt 0:02:07]} 61. Rd4 {[%emt 0:00:33]} Bxg4 62. Ne4 {[%emt 0:00:30]} 1-0